<?xml version="1.0" encoding="UTF-8"?><?xml-stylesheet type="text/xsl" href="static/style.xsl"?><OAI-PMH xmlns="http://www.openarchives.org/OAI/2.0/" xmlns:xsi="http://www.w3.org/2001/XMLSchema-instance" xsi:schemaLocation="http://www.openarchives.org/OAI/2.0/ http://www.openarchives.org/OAI/2.0/OAI-PMH.xsd"><responseDate>2026-06-02T10:55:54Z</responseDate><request verb="GetRecord" identifier="oai:riuma.uma.es:10630/32059" metadataPrefix="marc">https://riuma.uma.es/rest/oai/request</request><GetRecord><record><header><identifier>oai:riuma.uma.es:10630/32059</identifier><datestamp>2026-02-03T12:06:43Z</datestamp><setSpec>com_10630_2254</setSpec><setSpec>col_10630_37959</setSpec></header><metadata><record xmlns="http://www.loc.gov/MARC21/slim" xmlns:dcterms="http://purl.org/dc/terms/" xmlns:doc="http://www.lyncode.com/xoai" xmlns:xsi="http://www.w3.org/2001/XMLSchema-instance" xsi:schemaLocation="http://www.loc.gov/MARC21/slim http://www.loc.gov/standards/marcxml/schema/MARC21slim.xsd">
   <leader>00925njm 22002777a 4500</leader>
   <datafield ind2=" " ind1=" " tag="042">
      <subfield code="a">dc</subfield>
   </datafield>
   <datafield ind2=" " ind1=" " tag="720">
      <subfield code="a">Hormigo-Aguilar, Javier</subfield>
      <subfield code="e">author</subfield>
   </datafield>
   <datafield ind2=" " ind1=" " tag="720">
      <subfield code="a">Caffarena, Gabriel</subfield>
      <subfield code="e">author</subfield>
   </datafield>
   <datafield ind2=" " ind1=" " tag="260">
      <subfield code="c">2021</subfield>
   </datafield>
   <datafield ind2=" " ind1=" " tag="520">
      <subfield code="a">The end of Moore's law and the arrival of new highly demanding applications have awakened the interest in exploring different number representation formats and also combining them to implement domain-specific accelerators. Typically used in DSP applications, word-length optimization (WLO) allows finding the optimum combination of word-lengths for each signal on a circuit for a given error threshold. In the optimization process, for any word-length combination, the error has to be estimated or computed by bit-true simulation. The latter is widely used since it can be applied to any type of system. However, simulation is very time-consuming, and the WLO becomes an extremely long process. This paper proposes a methodology based on a WLO-wise hardware architecture that speeds up WLO significantly. In our approach, the target datapath is implemented on an FPGA with a “precision limiter” on each selected signal. This architecture allows performing bit-true emulation on the FPGA for any given word-length combination without reconfiguring the FPGA; just configuring the limiters, which is a much faster process.</subfield>
   </datafield>
   <datafield ind1="8" ind2=" " tag="024">
      <subfield code="a">J. Hormigo and G. Caffarena, "FPGA acceleration of bit-true simulations for word-length optimization," 2021 IEEE 28th Symposium on Computer Arithmetic (ARITH), Lyngby, Denmark, 2021, pp. 119-122, doi: 10.1109/ARITH51176.2021.00033</subfield>
   </datafield>
   <datafield ind1="8" ind2=" " tag="024">
      <subfield code="a">https://hdl.handle.net/10630/32059</subfield>
   </datafield>
   <datafield tag="653" ind2=" " ind1=" ">
      <subfield code="a">Matemáticas computacionales</subfield>
   </datafield>
   <datafield tag="653" ind2=" " ind1=" ">
      <subfield code="a">Arquitectura de ordenadores</subfield>
   </datafield>
   <datafield ind2="0" ind1="0" tag="245">
      <subfield code="a">FPGA acceleration of bit-true simulations for word-length optimization.</subfield>
   </datafield>
</record>
</metadata></record></GetRecord></OAI-PMH>